Materiali per la storia del diritto comune in Europa I-II: lo ius commune nel pensiero giuridico: una struttura di lunga durata

Shranjeno v:
Bibliografske podrobnosti
Glavni avtor: Santini Giovanni (Author)
Format: Knjiga
Jezik:italijanščina
Izdano: Turín G. Giappichelli 1996
Izdaja:2a. ed
Teme:
Oznake: Označite
Brez oznak, prvi označite!

MARC

LEADER 00000nam a2200000 a 4500
001 UCP6967
003 CL-VaPUC
008 991126e19960000IT |||||||||||||||||ita|d
082 0 4 |a 340.09  |b SAN  |2 21 
100 0 |a Santini Giovanni  |e author  |9 436310 
245 1 0 |a Materiali per la storia del diritto comune in Europa I-II: lo ius commune nel pensiero giuridico: una struttura di lunga durata 
250 |a 2a. ed 
300 |a 447 p 
942 |c BK 
945 |d 19991126 00:00:00  |a vberengu 
260 |a Turín  |b G. Giappichelli  |c 1996 
650 0 |a Derecho común  |9 376758 
650 0 |a Derecho romano  |9 255930 
650 0 |a Pensamiento jurídico  |9 255517 
651 0 |a Europa  |9 255156 
583 |a last modification  |c 19991126 00:00:00  |k Rodrigo Vera 
999 |c 284340  |d 284338 
952 |0 0  |1 0  |4 0  |6 340_090000000000000_SAN_1996  |7 0  |8 A  |9 328237  |a BIBDER  |b BIBDER  |d 2019-11-20  |i 3577090  |o 340.09 SAN 1996  |p 3577090  |r 2019-11-20  |w 2019-11-20  |y BK  |k DER